[Event "Amigos Bategoll"]
[Site "http://www.queenalice.com/game.php?id=1537634"]
[Date "2018.8.5"]
[Round "4"]
[White "josebaron"]
[Black "Eduvillarroelm"]
[Result "1-0"]
[WhiteElo "2016"]
[BlackElo "2019"]

1. e4 e6 2. Nf3 d5 3. exd5 exd5 4. d4 Nc6 5. Be2 Bd6 6. O-O Bg4 7. Re1 Nge7 8.
h3 Bh5 9. Ne5 Bxe2 10. Nxc6 Bxd1 11. Nxd8 Rxd8 12. Rxd1 Nf5 13. Re1+ Kd7 14. c3
Rhe8 15. Be3 Nxe3 16. fxe3 Re6 17. Nd2 Rde8 18. Kf2 h5 19. h4 Rg6 20. Rh1 Bg3+
21. Kf3 Rg4 22. Rh3 Re6 23. Nf1 1-0

[Event "AUTO-MASTER-2795"]
[Site "http://www.queenalice.com/game.php?id=1552950"]
[Date "2018.12.14"]
[Round "1"]
[White "AyltonChessGM"]
[Black "Eduvillarroelm"]
[Result "1-0"]
[WhiteElo "2285"]
[BlackElo "2036"]

1. f4 e5 2. fxe5 d6 3. exd6 Bxd6 4. Nf3 Nf6 5. Nc3 Bg4 6. d3 Nc6 7. e4 Ne5 8.
Be2 Qd7 9. Nxe5 Bxe5 10. Bd2 O-O-O 11. O-O h5 12. a4 h4 13. h3 Bd4+ 14. Kh2 Bxe2
15. Qxe2 Nh5 16. Qg4 Qxg4 17. hxg4 Be5+ 18. Kh3 Ng3 19. Rxf7 c6 20. Bf4 Bf6 21.
Bxg3 hxg3+ 22. Kxg3 Be5+ 23. Kf3 Rhf8 24. Rxf8 Rxf8+ 25. Ke3 c5 26. Ne2 Bf6 27.
d4 cxd4+ 28. Nxd4 Bxd4+ 29. Kxd4 Rf4 30. Kd5 Rxg4 31. Rg1 Kd7 32. g3 Rg5+ 33. e5
Rf5 34. Rg2 Rf1 35. b3 a5 36. Rd2 Ke8 37. Kd6 Rf7 38. e6 1-0

[Event "AUTO-MASTER-2795"]
[Site "http://www.queenalice.com/game.php?id=1552951"]
[Date "2018.12.14"]
[Round "1"]
[White "Eduvillarroelm"]
[Black "AyltonChessGM"]
[Result "1-0"]
[WhiteElo "2030"]
[BlackElo "2280"]

1. e4 c5 2. c3 Nc6 3. d4 cxd4 4. cxd4 Nf6 5. Nc3 d6 6. f4 e6 7. e5 dxe5 8. fxe5
Nd5 9. Nf3 Bb4 10. Qc2 Qa5 11. Bd2 Bd7 12. Bd3 h6 13. Nb5 Bxd2+ 14. Qxd2 Qxd2+
15. Kxd2 O-O 16. Nd6 Rab8 17. Ne4 b6 18. Rac1 f5 19. Nd6 Nce7 20. h4 g6 21. a3
Kg7 22. b4 a5 23. Rc4 Bb5 24. Nxb5 axb4 25. axb4 Rb7 26. Nd6 Ra7 27. b5 Ra2+ 28.
Rc2 Ra7 29. Bc4 Rfa8 30. Bb3 Ra3 31. Rb1 R3a7 32. g3 Kf8 33. Rcc1 Kg7 34. Ne1 g5
35. Nc2 Kg6 36. hxg5 hxg5 37. Rh1 Rf8 38. Rh3 g4 39. Rh4 Kg5 40. Rbh1 Raa8 41.
Rh6 Nf4 42. gxf4+ Kxf4 43. Bxe6 g3 44. R6h4+ Kf3 45. Ne1+ Kf2 46. Rf4# 1-0

[Event "AUTO-MASTER-2795"]
[Site "http://www.queenalice.com/game.php?id=1552964"]
[Date "2018.12.14"]
[Round "1"]
[White "Pin"]
[Black "Eduvillarroelm"]
[Result "0-1"]
[WhiteElo "2081"]
[BlackElo "1982"]

1. c4 d6 2. Nc3 c6 3. d4 Qc7 4. Nf3 Bg4 5. e4 e5 6. Be2 Nd7 7. O-O Ngf6 8. Be3
Be7 9. h3 Bh5 10. Rc1 O-O 11. Nh2 Bxe2 12. Qxe2 a5 13. Ng4 Nxe4 14. Nxe4 f5 15.
Nxd6 fxg4 16. dxe5 gxh3 17. g3 Nxe5 18. c5 Rf6 19. Ne4 Rg6 20. Bf4 Rf8 21. Kh1
Re6 22. a3 Rf5 23. b4 axb4 24. axb4 Qd7 25. Rcd1 Qe8 26. Rd2 Qg6 27. Rfd1 Rxf4
28. Rg1 Nf3 29. Rdd1 Rexe4 30. Qa2+ Re6 31. gxf4 Nxg1 32. Rxg1 Qe4+ 33. Kh2 Bh4
34. Qa8+ Re8 35. Qxb7 Qxf4+ 36. Kh1 Qf3+ 37. Kh2 Qxf2+ 38. Kh1 Qf3+ 0-1

[Event "AUTO-MASTER-2795"]
[Site "http://www.queenalice.com/game.php?id=1552965"]
[Date "2018.12.14"]
[Round "1"]
[White "Eduvillarroelm"]
[Black "Pin"]
[Result "1-0"]
[WhiteElo "2002"]
[BlackElo "2048"]

1. e4 c5 2. c3 e6 3. d4 d5 4. e5 Nc6 5. Nf3 Bd7 6. a3 Nge7 7. b4 cxd4 8. cxd4
Nf5 9. Bb2 Rc8 10. Nc3 Be7 11. Be2 O-O 12. Rc1 Re8 13. O-O a6 14. g4 Nh6 15. h3
Bf8 16. Na4 b6 17. Bxa6 Rb8 18. Bd3 g6 19. Nc3 Kh8 20. Nb5 Ng8 21. Nc7 Qxc7 22.
b5 Rec8 23. bxc6 Bxc6 24. Ba6 Rd8 25. Qc2 Ne7 26. a4 Qa7 27. Ba3 Qxa6 28. Bxe7
Bxa4 29. Bf6+ Kg8 30. Qd2 Bb5 31. Rfe1 Bc4 32. Bxd8 Rxd8 33. Qg5 Rb8 34. Ra1 Qc8
35. Ra7 b5 36. Qf6 Qe8 37. Ng5 Bg7 38. Qxf7+ Qxf7 39. Rxf7 b4 40. Ra1 b3 41.
Raa7 b2 42. Rxg7+ Kf8 43. Raf7+ 1-0

[Event "AUTO-MASTER-2795"]
[Site "http://www.queenalice.com/game.php?id=1552974"]
[Date "2018.12.14"]
[Round "1"]
[White "Eduvillarroelm"]
[Black "Gera"]
[Result "1-0"]
[WhiteElo "2020"]
[BlackElo "2026"]

1. e4 e5 2. Nf3 d6 3. Bc4 Bg4 4. Nc3 a6 5. Nxe5 dxe5 6. Qxg4 Nf6 7. Qf3 Nc6 8.
O-O Bc5 9. g4 O-O 10. d3 Kh8 11. Bg5 Be7 12. h3 Qd7 13. Kg2 h6 14. Bxf6 Bxf6 15.
Nd5 Bh4 16. Ne3 Nd4 17. Qd1 g6 18. c3 Ne6 19. Kh2 Nf4 20. Ng2 Nxg2 21. Kxg2 Rad8
22. Qe1 h5 23. Qe3 Kh7 24. gxh5 gxh5 25. Rad1 Rg8+ 26. Kh2 Bg5 27. Qf3 Bf4+ 28.
Kh1 Rg6 29. d4 Qe7 30. dxe5 Rxd1 31. Rxd1 Qxe5 32. Bxf7 Rg5 33. Bxh5 Rxh5 34.
Rd5 Qxd5 35. exd5 Rf5 36. Qe4 Kg6 37. Qe6+ Kg5 38. h4+ Kg4 39. f3+ Kxh4 40. Qxf5
Kg3 41. Qg4+ Kf2 42. Qxf4 a5 43. Qd2+ Kxf3 44. b3 b5 45. c4 b4 46. c5 a4 47.
bxa4 b3 48. axb3 c6 49. Qd4 cxd5 50. Kh2 Ke2 51. Kg3 Ke1 52. Kf3 1-0

[Event "AUTO-MASTER-2795"]
[Site "http://www.queenalice.com/game.php?id=1552975"]
[Date "2018.12.14"]
[Round "1"]
[White "Gera"]
[Black "Eduvillarroelm"]
[Result "1-0"]
[WhiteElo "2010"]
[BlackElo "1997"]

1. e4 Nc6 2. d4 e5 3. d5 Nce7 4. c4 Ng6 5. Bd2 Nf6 6. Bd3 b6 7. Ne2 a5 8. a3 Bc5
9. Nbc3 Nh5 10. Na4 Bxf2+ 11. Kxf2 O-O 12. Rf1 d6 13. Kg1 Bg4 14. Qc1 Nh4 15.
Nxb6 cxb6 16. Bg5 f6 17. Bxh4 g5 18. Be1 Nf4 19. Nxf4 exf4 20. Bc3 1-0

[Event "AUTO-MASTER-2795"]
[Site "http://www.queenalice.com/game.php?id=1576031"]
[Date "2019.7.1"]
[Round "2"]
[White "AyltonChessGM"]
[Black "Eduvillarroelm"]
[Result "1-0"]
[WhiteElo "2304"]
[BlackElo "2111"]

1. d4 d6 2. c4 c6 3. Nc3 Qc7 4. Nf3 Bg4 5. e3 Nd7 6. h3 Bh5 7. Be2 e5 8. O-O
Ngf6 9. a3 a5 10. dxe5 dxe5 11. Nd2 Bxe2 12. Qxe2 Bd6 13. Nde4 Nxe4 14. Nxe4 f5
15. Nxd6+ Qxd6 16. Rd1 Qf6 17. Rb1 O-O 18. Rxd7 1-0

[Event "AUTO-MASTER-2795"]
[Site "http://www.queenalice.com/game.php?id=1576032"]
[Date "2019.7.1"]
[Round "2"]
[White "Eduvillarroelm"]
[Black "AyltonChessGM"]
[Result "1-0"]
[WhiteElo "2116"]
[BlackElo "2230"]

1. e4 c5 2. c3 e6 3. d4 cxd4 4. cxd4 d5 5. e5 Nc6 6. Nf3 h6 7. Nc3 a6 8. a4 Bd7
9. Be2 Bb4 10. O-O Nge7 11. Qc2 O-O 12. Nd1 Rc8 13. Qd3 f5 14. exf6 Rxf6 15. Ne3
Bd6 16. Ng4 Rf8 17. Bd2 Nf5 18. Bc3 Qc7 19. Rfe1 Qb8 20. h3 h5 21. Nge5 Bxe5 22.
Nxe5 Nxe5 23. dxe5 g6 24. Qd2 Kh7 25. g4 hxg4 26. hxg4 Ne7 27. Kg2 Kg7 28. Qg5
Ng8 29. Bd3 Be8 30. Rh1 Qc7 31. Bb4 Qf7 32. Bxf8+ Kxf8 33. Rh8 Qg7 34. Rah1 Rc7
35. R1h3 Bxa4 36. Rf3+ Rf7 37. Qd8+ Be8 38. Qd6# 1-0

[Event "AUTO-MASTER-2795"]
[Site "http://www.queenalice.com/game.php?id=1576035"]
[Date "2019.7.1"]
[Round "2"]
[White "Eduvillarroelm"]
[Black "punk"]
[Result "1/2-1/2"]
[WhiteElo "2117"]
[BlackElo "2074"]

1. e4 c5 2. c3 g6 3. d4 cxd4 4. cxd4 Bg7 5. Nc3 d6 6. f4 Nf6 7. e5 dxe5 8. fxe5
Nd5 9. Nf3 O-O 10. Bc4 Be6 11. Bb3 Nc6 12. h4 Na5 13. h5 Nxb3 14. axb3 Nb4 15.
Ng5 Bf5 16. g4 Nd3+ 17. Kf1 Qxd4 18. Qd2 Bxg4 19. Ra4 Qxe5 20. Qxd3 Bf5 21. Nce4
Rad8 22. Qe3 Rd1+ 23. Kg2 Rxh1 24. Kxh1 Qd5 25. hxg6 Qd1+ 26. Kh2 fxg6 27. Ng3
e5 28. Rxa7 Qc2+ 29. Ne2 Bg4 30. Rxb7 Qxe2+ 31. Qxe2 Bxe2 32. Ne6 Rf2+ 33. Kg3
Rf3+ 34. Kh2 Bf6 35. Ng5 Bxg5 36. Bxg5 Rf5 37. Rb8+ Kf7 38. Rb7+ Ke6 39. Be3 Rf7
40. Rb8 e4 41. b4 Kf5 42. b5 Kg4 43. b6 Bd3 44. Ra8 Bb5 45. Ra7 Rxa7 46. bxa7
Bc6 47. Kg2 g5 48. b4 h5 49. Kh2 Kf3 50. Bxg5 e3 51. Bh4 e2 52. b5 Bb7 53. Kg1
Ke3 54. Bg5+ Kf3 55. Bh4 Ke3 56. Be1 1/2-1/2

[Event "AUTO-MASTER-2795"]
[Site "http://www.queenalice.com/game.php?id=1576036"]
[Date "2019.7.1"]
[Round "2"]
[White "punk"]
[Black "Eduvillarroelm"]
[Result "0-1"]
[WhiteElo "2099"]
[BlackElo "2105"]

1. Nf3 d6 2. g3 c6 3. Bg2 Bg4 4. c4 Qc7 5. O-O e5 6. d4 Nd7 7. Nc3 Ngf6 8. Be3
Be7 9. Rc1 O-O 10. d5 a5 11. a4 h6 12. h3 Bh5 13. Nd2 Bg6 14. g4 h5 15. g5 Nh7
16. f4 exf4 17. Bxf4 Nxg5 18. Nde4 Nxe4 19. Nxe4 Nf6 20. Nxf6+ Bxf6 21. dxc6
bxc6 22. Bxd6 Qb6+ 23. c5 Qxb2 24. Bxc6 Rad8 25. Bf3 Rfe8 26. Qd5 Bd4+ 27. Kg2
Re5 28. Qc4 Rg5+ 29. Kh1 Rc8 30. c6 Be5 31. Qb5 Qxb5 32. axb5 Bxd6 33. b6 Bc7
34. b7 Re8 35. Rfd1 Rg3 36. Rd7 Rxe2 37. Bxe2 Be4+ 0-1